| 000 | 00457nam a2200181Ia 4500 | ||
|---|---|---|---|
| 001 | 23204 | ||
| 005 | 20260414150922.0 | ||
| 008 | 260414t2015||||xx |||||||||||||| ||spa|| | ||
| 041 | _aESP | ||
| 082 |
_a625.8 _bR82 |
||
| 100 |
_aRondón Quintana, Hugo Alexander _eAUT |
||
| 245 | 0 |
_aPavimentos : _bmateriales, construcción y diseño |
|
| 260 | _c2015 | ||
| 300 |
_a604 páginas : _c25 cm. |
||
| 650 | _a0 | ||
| 654 | _aCIC | ||
| 942 |
_cLIB _dJUS _fJUS _2ddc _n |
||
| 999 |
_c23204 _d23204 |
||